| 000 | 00994nam a2200313 i 4500 | ||
|---|---|---|---|
| 003 | EG-GICUC | ||
| 005 | 20260426085829.0 | ||
| 008 | 260426s1986 enka|||fr||id 00| 0 eng d | ||
| 040 |
_aEG-GiCUC _beng _cEG-GiCUC _dEG-GiCUC _eRda |
||
| 041 | 0 | _aeng | |
| 082 | 0 | 4 |
_221 _a343.9 _bWE . N |
| 092 | 0 | 4 | _221 |
| 099 | _aLaw1 10 343.9 WE . N 9 ed - 1986 | ||
| 100 | 1 |
_aWebster, Merriam _eAuthor. |
|
| 245 | 1 | 0 |
_aNinth new collegiate dictionary / _cpar Merriam-Webster. |
| 250 | _aNinth edition | ||
| 264 | 1 |
_aMassachusetts : _bSpringfield, _c1986. |
|
| 300 |
_a1563 page ; _c 24 cm. _billustration ; |
||
| 336 |
_2rda contenu _a texte |
||
| 337 |
_2rda medias _aOrdinateur |
||
| 338 |
_2 transporteur rda _a Ressource en ligne |
||
| 504 | _aIncludes bibliographical references and index. | ||
| 546 | _aText in English | ||
| 650 | 1 | 4 |
_aCriminal Law _2qrmak |
| 651 | 1 | _2qrmak | |
| 856 | 4 | 0 | _uhttps://fll.law.cu.edu.eg/fulltext/bks/B10-10318.pdf |
| 905 | _a74 | ||
| 942 |
_2ddc _n0 _cBK _e21 |
||
| 999 |
_c73401 _d73401 |
||